[Event "ASEAN GM 2nd"]
[Site "Bangkok"]
[Date "2004.07.24"]
[Round "4"]
[White "Nguyen, Anh Dung"]
[Black "Yu, Shaoteng"]
[Result "0-1"]
[WhiteElo "2561"]
[BlackElo "2476"]
[Annotator "Huzman,A"]
[PlyCount "82"]
[EventDate "2004.07.22"]
[EventType "tourn"]
[EventRounds "10"]
[EventCountry "THA"]
[EventCategory "12"]
[SourceTitle "CBM 103"]
[Source "ChessBase"]
[SourceDate "2004.11.11"]
[SourceVersion "1"]
[SourceVersionDate "2004.11.11"]
[SourceQuality "1"]

1. e4 e5 2. Nf3 Nf6 3. d4 Nxe4 4. Bd3 d5 5. Nxe5 Nd7 6. Nxd7 Bxd7 7. O-O Bd6 8.
c4 c6 9. cxd5 cxd5 10. Qh5 O-O 11. Qxd5 Bc6 12. Qh5 g6 13. Qh3 Ng5 14. Bxg5
Qxg5 15. Nc3 Rae8 (15... Rfe8 16. d5 Bxd5 17. f4 Qd8 18. Nxd5 Bc5+ 19. Kh1 Qxd5
20. Rac1 $1 Be3 21. Bc4 Qf5 22. Qxf5 gxf5 $14 {1-0 Shirov,A-Kramnik,V/Cazorla
1998/CBM 65/[Lukacs] (63)}) 16. Rfd1 (16. Rad1 Re7 17. Bc4 (17. d5 Bd7 18. Ne4
Rxe4 19. Qxd7 Rd8 (19... Qe5 20. g3 Rb4 21. Rfe1 Qf6 22. Re2 Rd8 23. Re8+ Rxe8
24. Qxe8+ Kg7 25. b3 Bc5 26. Qe2 Rd4 $14 {1/2-1/2 Zaragatski,I-Rabiega,R/
playchess.com 2004/CBM 99 ext (47)}) (19... Qe7 20. Qxe7 Rxe7 21. Rfe1 (21. g3
Rc8 (21... Rd8 22. Bc4 a6 23. a4 Rc8 24. b3 Rc5 (24... Kf8 25. Kg2 Rc5 26. Rd2
Re5 27. Rfd1 h5 28. h4 {1/2-1/2 Luther,T-Delchev,A/Nova Gorica 2000/CBM 74 ext
(28)}) 25. Rd2 Kg7 (25... Re5 26. f4 Re3 27. Rb1 Rc7 {1/2-1/2 Luther,T-Horvath,
J/AUT 2002/EXT 2003 (39)}) 26. f4 Re3 27. Rb1 h6 {1/2-1/2 Likhachev,E-Glaubitz,
F/WCCF 2002/Telechess CBM 97 (32)}) 22. Rc1 Rxc1 23. Rxc1 Rc7 {1/2-1/2 Wedberg,
T-Nielsen,P/Sweden 2000/EXT 2002 (37)}) 21... Rfe8 22. Rxe7 Rxe7 23. g3 Kf8 {
1/2-1/2 Lebedev,V-Thomas,M/ICCF Email 2002/ICCF Telechess CBM 100 (34)}) 20.
Qxb7 (20. Qxd8+ Qxd8 21. Bxe4 $11 {Luther,T-Alterman,B/Recklinghausen (21)} (
21. Bxe4 Qh4 $1 22. f4 Bxf4 23. Rxf4 Qxf4 24. d6 Qg4 $1 25. Bf3 Qd7 26. Kh1 Kf8
27. Bxb7 Ke8 28. Bc8 Qxc8 29. d7+ Qxd7 30. Rxd7 Kxd7 $11 {1/2-1/2 Sacerdotali,
S-Chopin,P/IECG 2002/Telechess CBM 91 (33)})) 20... Bxh2+ $1 21. Kxh2 Rh4+ 22.
Kg1 Qh6 23. g3 $5 Rh1+ 24. Kg2 Rh2+ 25. Kf3 $5 Re8 $1 26. Qd7 $2 (26. Be4 $1 f5
$8 27. Ke2 $1 Qh5+ 28. Kd2 fxe4 29. Kc1 Qf5 $1 $44) 26... Qh5+ 27. Qg4 Rxf2+ $3
28. Rxf2 Qxd5+ 29. Kf4 Qd4+ $1 30. Kg5 Qxf2 $19 {0-1 Macieja,B-Rozentalis,E/
Reno 76/301 1999/[Macieja,B; Rozentalis,E] (34)}) (17. Rfe1 Bd7 18. Ne4 Rxe4
19. Qxd7 Qd5 20. g3 Rxe1+ 21. Rxe1 Qxd4 {1/2-1/2 Pugh,J-Bueno,T/FECAP 2001/
ICCF Telchess CBM 96 (21)}) 17... b5 18. Bb3 b4 19. Ba4 Bb7 20. Nb5 Bb8 21. d5
Bxd5 $17 {0-1 Garcia Carbo,M-Perez,R/Marin 2001/EXT 2002 (31)}) 16... Re7 17.
Bf1 (17. d5 Bd7 18. Ne4 Rxe4 19. Qxd7 Rd8 20. Qxd8+ Qxd8 21. Bxe4 Qh4 22. Bf3
Qxh2+ 23. Kf1 Qh1+ 24. Ke2 Qh4 $11 {0-1 Sandehn,K-Blom,E/Chessfriend.com 2003/
Telechess CBM 99 (60)}) 17... Rfe8 18. Qd3 {[%tqu "En","Find how Black can
continue his attack!","","","e7e3","",10]} Re3 $3 {[%mdl 192]} 19. fxe3 (19.
Qd2 Bf4 $1 20. d5 Rh3 $19) (19. Qc2 Qh6 20. g3 (20. h3 Rxh3 21. gxh3 Qg5+ $19))
19... Rxe3 20. Qd2 $2 (20. d5 $8 Rxd3 (20... Qe5 21. dxc6 (21. g3 Rxd3 22. Rxd3
Bd7 $15) 21... Qxh2+ 22. Kf2 Qf4+ 23. Kg1 Bc5 $1 24. b4 Rxd3+ (24... Qxb4 25.
Qd8+ Re8+ 26. Kh1 Rxd8 27. Rxd8+ Kg7 28. Rd3 $13) 25. bxc5 Qe3+ 26. Kh1 Rxd1
27. Rxd1 bxc6 $15) 21. Rxd3 Bd7 22. Ne4 Bxh2+ 23. Kxh2 Qh4+ 24. Kg1 Qxe4 $15)
20... Qh4 21. h3 (21. g3 Rxg3+ 22. hxg3 (22. Bg2 Rg4 23. d5 Qxh2+ 24. Kf1 Bc5
$19) 22... Qh1+ 23. Kf2 Qh2+ 24. Ke3 Qxg3+ 25. Ke2 Qf3+ 26. Ke1 Bg3+ 27. Qf2
Qxf2#) 21... Qg3 22. Re1 Bf4 $1 $19 23. d5 Rxe1 (23... Qh2+ 24. Kf2 Rxh3 $1 25.
Qc2 (25. dxc6 Bxd2 26. Re8+ Kg7 27. cxb7 Qg3+ 28. Ke2 Qd3+ 29. Kf2 Be3+ $19)
25... Qg3+ 26. Ke2 (26. Kg1 Rh1+ 27. Kxh1 Qh2#) 26... Qg4+ 27. Kf2 Qh4+ 28. Ke2
Re3+ $19) 24. Qxe1 Qh2+ 25. Kf2 Bg3+ 26. Kf3 Bxe1 27. Rxe1 Bd7 28. Bb5 Bf5 29.
Re7 a6 30. Bc4 b5 31. Bb3 Qd6 32. Re2 (32. Re8+ Kg7 33. g4 Bd7 34. Re2 f5 $19)
32... h5 33. Ne4 Qd8 34. Rd2 Qh4 35. Nf2 Qb4 (35... Qg5 $1 36. Rd1 Qf6 $19) 36.
Rd1 (36. Ke2 $142 Qd6 $19) 36... a5 37. d6 a4 38. Bd5 Bd7 (38... Bc2 39. Rc1
Qd2 $19) 39. Ne4 Kg7 {[%cal Yf7f5]} 40. Rc1 f5 $1 41. Nc5 Qd2 0-1

[Event "Montreal-A 5th"]
[Site "Montreal"]
[Date "2004.08.08"]
[Round "5"]
[White "Nataf, Igor Alexandre"]
[Black "Huzman, Alexander"]
[Result "1/2-1/2"]
[WhiteElo "2553"]
[BlackElo "2588"]
[Annotator "Huzman,A"]
[PlyCount "45"]
[EventDate "2004.08.04"]
[EventType "tourn"]
[EventRounds "11"]
[EventCountry "CAN"]
[EventCategory "12"]
[SourceTitle "CBM 103"]
[Source "ChessBase"]
[SourceDate "2004.11.11"]
[SourceVersion "1"]
[SourceVersionDate "2004.11.11"]
[SourceQuality "1"]

1. e4 e5 2. Nf3 Nf6 3. d4 Nxe4 4. Bd3 d5 5. Nxe5 Nd7 6. Nxd7 Bxd7 7. O-O Bd6 8.
Nc3 Nxc3 9. bxc3 Qh4 10. g3 (10. Re1+ Kf8 11. g3 Qg4 12. Be2 Qf5 13. c4 dxc4
14. Bxc4 h5 15. h4 Re8 16. Rxe8+ Bxe8 17. Be3 b5 18. Qd3 Qxd3 19. Bxd3 b4 20.
Bd2 f6 21. a3 bxa3 22. c4 $14 {1/2-1/2 Magem Badals,J-Illescas Cordoba,M/
Pamplona 1996/CBM 52 (34)}) 10... Qh3 (10... Qf6 11. Qh5 (11. Re1+ Be6 12. Rb1
(12. c4 O-O (12... dxc4 13. Bxc4 O-O $11) 13. cxd5 Bd7 14. c4 $18 {1-0 Arman,
D-Nasri,A/Baku 2000/EXT 2001 (36)}) 12... O-O-O 13. Qe2 c6 14. c4 dxc4 15. Bxc4
Rhe8 16. Be3 Rd7 17. Bxe6 Rxe6 18. c4 Ree7 19. Qd2 Qf5 20. d5 $16 {1/2-1/2
Kotter,R-Gawehns,K/Germany 1996/GER-chT2 (69)}) 11... h6 12. Re1+ Kf8 13. Qxd5
c6 14. Qb3 b6 15. Ba3 g6 16. c4 Bxa3 17. Qxa3+ Kg7 18. c3 $16 {0-1 Jenni,
F-Pihlajasalo,A/Guarapuava 1995/Juniors (62)}) (10... Qg4 11. Re1+ Kd8 12. Qxg4
Bxg4 13. Rb1 b6 14. c4 dxc4 15. Bxc4 Re8 (15... f6 16. Bd5 Rb8 17. c4 Bf5 18.
Rb3 Kd7 19. Be3 c6 $11 {1/2-1/2 Kaps,D-Srebrnic,A/Bled 2003/CBM 95 ext (27)})
16. Bd2 (16. Be3 Re7 17. Bd3 h6 18. Kg2 Bd7 19. c4 c5 20. dxc5 Bxc5 21. Bxc5
Rxe1 22. Rxe1 bxc5 $11 {1/2-1/2 Balogh,C-Srebrnic,A/Nova Gorica SLO 2004/(51)})
16... f6 17. Bd5 Rb8 18. Be4 g6 19. a4 Bd7 20. a5 Re7 21. a6 c6 $11 {1/2-1/2
Sutor,M-Splosnov,S/Krakow 1996/EXT 2001 (25)}) 11. Rb1 (11. Re1+ Be6 (11... Kf8
12. Qf3 h5 (12... Re8 13. Rxe8+ Kxe8 14. Qxd5 $16 {1-0 Hracek,Z-Studnicka,T/
Pardubice CZE 2004/(25)}) 13. Rb1 h4 14. Bf1 Qf5 15. Qxf5 Bxf5 16. Rxb7 Bxc2
17. Bg2 hxg3 18. hxg3 Bd3 19. Bxd5 $16 {1/2-1/2 Saravanan,V-Barua,D/Mumbai
2000/CBM 76 ext (79)}) 12. c4 (12. Bf1 Qf5 13. c4 (13. Rb1 O-O-O 14. Qe2 c6 15.
Rxb7 Kxb7 16. Qa6+ Kb8 17. Ba3 Qxc2 18. Bd3 Bc8 19. Bxd6+ Rxd6 20. Qa3 Qxd3 21.
Qxd6+ Ka8 22. Qxc6+ $11 {1/2-1/2 Pavlovic,M-Pavasovic,D/Topola SCG 2004/(24)})
13... dxc4 14. Bxc4 O-O 15. Bxe6 fxe6 16. Qe2 Bb4 17. Bd2 Bxd2 {1/2-1/2
Hernandez,A-Pereyra Arcija,D/Medellin 1996/Juniors (17)}) (12. Qf3 O-O 13. Rb1
Rae8 14. Bd2 Rb8 15. Bf4 Bg4 16. Qe3 Be6 17. Bxd6 cxd6 18. Qc1 $14 {1-0 Fusco,
L-Della Morte,G/Villa Martelli 2003/CBM 97 ext (40)}) 12... c6 13. cxd5 cxd5
14. c4 O-O 15. c5 Bc7 16. Bf1 Qf5 17. Bg2 Rfd8 18. a4 b6 19. cxb6 axb6 {
1/2-1/2 Pyhala,A-Valkesalmi,K/Espoo 1986/EXT 97 (19)}) (11. c4 dxc4 12. Re1+
Be6 13. Bxc4 O-O 14. Bxe6 (14. Bf1 Qf5 15. c4 c6 16. a4 Rfd8 17. Qb3 Rab8 18.
Qc3 a5 19. c5 Bc7 20. Bb2 Qf6 21. Re3 Bd5 22. Rae1 $36 {1/2-1/2 Spraggett,
K-Charbonneau,P/Toronto CAN 2004/(40)}) 14... fxe6 15. Rb1 b6 16. Qe2 Rae8 17.
Rb3 e5 18. Re3 Rd8 19. dxe5 Bc5 20. Rf3 Qe6 21. Rf4 Bd4 22. c4 g5 23. Rxf8+
Rxf8 24. Be3 Qxe5 25. Bxd4 Qxd4 $11 {1/2-1/2 Azevedo,P-Malm,A/IECC 2001/
Telechess CBM 89 (26)}) 11... O-O-O {In this position both sides have their
chances. White tries to attack using the opened file "b", chances of Black are
connected with using the weakened position of Kg1 by move g3.} 12. c4 (12. Qf3
Be6 13. c4 c6 14. c5 Bg4 15. Qg2 (15. Qxf7 Rd7 $19) 15... Bc7 $11) 12... Bg4 (
12... dxc4 13. Qf3 c6 14. Bxc4 h5 $5 (14... Rhe8 15. Ba3 $36) 15. Bf4 Bxf4 16.
Qxf4 Qg4 (16... h4 17. Ba6 $18) 17. Qd6 Be6 18. Qb4 $36) 13. f3 (13. Be2 $5 h5
(13... Bxe2 14. Qxe2 Qe6 15. Qf3 (15. Qxe6+ fxe6 16. c5 Be7 17. Re1 Bf6 18. c3
Rhe8 19. Bf4 b6 $132) 15... c6 16. Qb3 Rd7 17. cxd5 (17. Qa4 $5) 17... Qxd5 18.
Qa4 Bb8 19. c4 $14) 14. c5 (14. cxd5 Bxe2 15. Qxe2 h4 $36 16. c4 hxg3 17. fxg3
Bxg3 18. Bf4 Rde8 19. Qb2 Bxf4 20. Rxf4 (20. Qxb7+ Kd8 21. Qb8+ Ke7 $19) 20...
b6 $17) 14... Be7 (14... Rde8 15. Bf3 (15. Be3 $2 Rxe3 16. fxe3 Bxg3 17. hxg3
Qxg3+ 18. Kh1 Rh6 $1 $40) 15... Be7 16. c4 Bxf3 17. Qxf3 h4 18. Bf4 $1 (18.
Qxd5 hxg3 19. Qxb7+ Kd8 20. Qd5+ Kc8 21. Qa8+ $11 (21. Qg2 gxh2+ 22. Kh1 Qxg2+
23. Kxg2 Bf6 24. Be3 Re4 $17)) 18... g5 (18... hxg3 19. Bxg3 $16) 19. Bxc7 $3
Kxc7 20. cxd5 (20. Qxd5 $5 Qc8 21. Rb5 $40) 20... hxg3 21. d6+ Bxd6 22. cxd6+
Kxd6 23. Qa3+ Ke6 24. d5+ Kf6 25. fxg3+ $16) 15. Re1 Bf6 (15... Rde8 16. f3 $1
Bd7 17. Bf1 $16) 16. f3 (16. c3 Bxe2 17. Rxe2 Rde8 18. Reb2 b6 $13) 16... Bd7
17. Bf1 Qf5 18. Be3 Rhe8 19. c3 $14) 13... Bf5 (13... Bh5 $5 14. Rf2 (14. Qd2
dxc4 15. Bxc4 Bg6 $11) 14... dxc4 15. Bxc4 Rhe8 $132) 14. c5 Bxd3 (14... Be7
15. c3 {[%cal Gb1b2,Gb2h2,Gb2b7]}) 15. cxd3 (15. Qxd3 Bxg3 16. hxg3 (16. Qd2
Bh4 17. Qb4 b6 18. Qb5 Qe6 19. Qa6+ Kd7 $17) 16... Qxg3+ 17. Kh1 $11) 15...
Bxg3 16. Qc2 $2 (16. Rb2 $1 Bh4 17. Qb3 b6 18. Qa4 Kb7 19. Bf4 Qd7 20. c6+ $1
Qxc6 21. Qxc6+ Kxc6 22. Rc1+ Kb7 23. Rxc7+ Ka8 $11) (16. hxg3 Qxg3+ 17. Kh1 $11
) 16... Bh4 17. c6 bxc6 $2 ({After the move} 17... b6 {the attack of White is
not dangerous and Black wins easily.} 18. Bf4 (18. Qa4 Rd6 $19) 18... Rde8 19.
Qa4 (19. a4 Bf6 $19) 19... Re2 $19) 18. Qxc6 Rd6 19. Qb7+ Kd7 20. Qb5+ Kc8 21.
Qb8+ Kd7 22. Qb5+ Kd8 23. Qb8+ (23. Qb8+ Ke7 24. Qxc7+ Qd7 25. Qa5 (25. Rb7
Qxc7 26. Rxc7+ Rd7 27. Ba3+ Ke6 28. Rxd7 (28. Rfc1 Rhd8 $15) 28... Kxd7 29. Rb1
Kc6 30. Rc1+ Kb7 31. Rb1+ $11) (25. Qb7 Qxb7 26. Rxb7+ Rd7 27. Ba3+ Ke6 28.
Rfb1 Rc8 29. Rxd7 Kxd7 30. Rb5 Ke6 31. Bc5 $11) 25... Rg6+ 26. Kh1 Re8 27. Ba3+
Kf6 28. Qd2 Kf5 29. Bc1 Bg5 30. Qg2 Kf6 31. f4 Bh4 32. Qf3 Qf5 33. Rb5 $132)
1/2-1/2

[Event "EU-ch 6th"]
[Site "Warsaw"]
[Date "2005.06.18"]
[Round "1"]
[White "Mastrovasilis, Dimitrios"]
[Black "Citak, Selim"]
[Result "1-0"]
[WhiteElo "2562"]
[BlackElo "2351"]
[Annotator "Huzman,A"]
[PlyCount "57"]
[EventDate "2005.06.18"]
[EventType "swiss"]
[EventRounds "13"]
[EventCountry "POL"]
[SourceTitle "CBM 108"]
[Source "ChessBase"]
[SourceDate "2005.09.26"]
[SourceVersion "1"]
[SourceVersionDate "2005.09.26"]
[SourceQuality "1"]

1. e4 e5 2. Nf3 Nf6 3. d4 Nxe4 4. Bd3 d5 5. Nxe5 Nd7 6. Nxd7 Bxd7 7. O-O Qh4 8.
c4 O-O-O 9. c5 g6 10. Nc3 Bg7 11. Ne2 Rde8 (11... Nf6 $146 12. b4 Nh5 $2 13. b5
Rhe8 14. c6 $2 (14. Be3 $16) 14... Bg4 15. Qa4 Kb8 16. Nf4 Bc8 17. cxb7 Bxb7
18. Ne2 Re6 19. Ba3 $16 {1/2-1/2 Timman,J-Huebner,R/Tilburg 36/390 1983/
[Huebner,R] (31)}) (11... Rhe8 12. Be3 (12. b4 Bg4 (12... Ng5 13. b5 Kb8 14.
Bf4 Rxe2 15. Bxg5 Qxg5 16. Bxe2 Qf4 17. c6 Be6 18. Qc1 Qxd4 $44 {1/2-1/2
Reefat,B-Handoko,E/Doha 1992/EXT 97 (33)}) 13. Bb2 Qg5 14. Qa4 Bxe2 (14... Qd2
$5) 15. Bxe2 Nd2 16. Rfe1 (16. Qxa7 Nxf1 17. Ba6 $1 $16) 16... Kb8 17. c6 Re6
$132 {1/2-1/2 Guseynov,R-Mamedyarov,S/Baku AZE 2005/(41)}) (12. a4 Ng5 13. Ra3
h6 14. Bc2 Rxe2 $1 15. Qxe2 Ne6 $44 {0-1 Ivanchuk,V-Rozentalis,E/Manila 1992/
CBM 30/[Rozentalis] (33)}) 12... Nf6 (12... Ng5 13. Rc1 Bg4 14. c6 $40 {
0-1 Becerra Rivero,J-Ippolito,D/Minneapolis USA 2005/The Week in Chess 550 (23)
}) (12... h5 13. Qe1 Qe7 14. Qa5 Kb8 15. b4 Bf5 16. Rfd1 Nxf2 17. Bxf2 Bxd3 18.
Nc3 Bc4 $17 {1-0 Brusa,E-Alonso,R/Buenos Aires 1994/TD (28)}) 13. Qd2 Ng4 14.
Bf4 Bh6 15. c6 $1 Bxc6 16. h3 Bxf4 17. Qxf4 $16 {1-0 Xie Jun-Ye Rongguang/
Shenzhen 1992/CBM 31 (42)}) (11... g5 $2 12. f3 Nf6 13. Be3 g4 $2 14. g3 Qh5
15. Nf4 Qh6 16. Qd2 $16 {Kotkov-Khachaturov, Moscow 1972}) (11... h6 12. f3 Ng5
13. Be3 Ne6 14. Bf2 Qf6 15. Qd2 h5 16. Qa5 Kb8 17. Rac1 Nf4 18. Nxf4 Qxf4 19.
Qb4 Bc6 20. Rc3 h4 21. h3 Be5 $17 {1/2-1/2 Sevillano,E-Ippolito,D/Newark 1995/
EXT 2002 (49)}) 12. Be3 (12. a4 Kb8 13. a5 a6 14. Qb3 Kc8 15. Qxd5 Bc6 16. Qb3
Rd8 17. Qxf7 Rhf8 18. Qxg7 Rxf2 19. Bxe4 Rxf1+ 20. Kxf1 Qxe4 21. Bf4 $18 {
1-0 Zhigalko,S-Wang Hao/Chalkidiki 2003/EXT 2004 (49)}) 12... g5 13. Qc1 $5 (
13. f3 Nc3 14. bxc3 Rxe3 15. Rb1 Rhe8 16. Qb3 Bc6 $11 {1-0 Lopez Rodriguez,
J-Adell Corts,F/Valencia 1994/EXT 2002 (38)}) 13... Re6 (13... f5 $5 14. f3 f4
15. fxe4 dxe4 (15... fxe3 16. e5 $16) 16. Bc4 (16. Bf2 Qh5 17. Bc4 e3 18. Be1
Rhf8 $44) 16... fxe3 17. Qxe3 $14) (13... g4 14. b4 $40) 14. f3 Rh6 {Black
tries a tempting piece sacrifice. But by precise defence White removes his Kg1
out of the dangerous area.} 15. fxe4 (15. h3 $2 Bxh3 16. Qe1 Qh5 $17) 15...
dxe4 16. Bc4 Qxh2+ 17. Kf2 Bh3 (17... Bg4 18. Ke1 Qxg2 19. Kd2 Rh2 20. Rf2 $16)
(17... Rf6+ 18. Ke1 Qxg2 19. Rxf6 Bxf6 20. Kd2 Qf3 21. Qg1 Bh3 22. Ng3 $16) 18.
Ke1 Bxg2 19. Rxf7 $16 Rf6 20. Rxf6 Bxf6 21. Kd2 h5 (21... Qh3 22. c6 $40) 22.
Be6+ $1 Kd8 23. Qg1 $18 Qxg1 24. Rxg1 Bf3 25. Bxg5 Ke7 26. Nf4 h4 27. Bxf6+
Kxf6 28. Rg6+ Ke7 29. Ke3 1-0

[Event "Moscow Aeroflot op-A"]
[Site "Moscow"]
[Date "2005.02.17"]
[Round "3"]
[White "Sadvakasov, Darmen"]
[Black "David, Alberto"]
[Result "0-1"]
[WhiteElo "2635"]
[BlackElo "2573"]
[Annotator "Huzman,A"]
[PlyCount "46"]
[EventDate "2005.02.15"]
[EventType "swiss"]
[EventRounds "9"]
[EventCountry "RUS"]
[SourceTitle "CBM 106"]
[Source "ChessBase"]
[SourceDate "2005.06.06"]
[SourceVersion "1"]
[SourceVersionDate "2005.06.06"]
[SourceQuality "1"]

1. e4 e5 2. Nf3 Nf6 3. d4 Nxe4 4. Bd3 d5 5. Nxe5 Nd7 6. Nxd7 Bxd7 7. O-O Bd6 8.
c4 c6 9. cxd5 cxd5 10. Nc3 Nxc3 11. bxc3 O-O 12. Qh5 g6 13. Qxd5 Qc7 14. c4 (
14. Qf3 Qxc3 (14... Bxh2+ 15. Kh1 Bd6 16. Bh6 (16. c4 Qd8 (16... Rfe8 17. c5
Bf8 18. Be4 Bc6 19. d5 Bb5 20. d6 Qxc5 21. Bd5 Bg7 22. Ba3 Qc3 (22... Qd4 23.
Bxf7+ Kh8 24. Bxe8 Bxf1 (24... Rxe8 25. Rad1 Qh4+ 26. Kg1 Bxf1 27. Rxf1 $16 {
1-0 Brunsek,I-Cottegnie,F/IECG 2002/Telechess CBM 95 (39)}) 25. Rxf1 Rxe8 26.
Rd1 Qa4 27. d7 Rd8 28. Qd3 $16 {1-0 Erenburg,S-Mikhalevski,V/Ramat Aviv ISR
2004/(42)}) 23. Bxf7+ Kh8 24. Qxc3 Bxc3 25. Bxe8 Bxf1 26. Rc1 Rxe8 27. Rxc3 Rd8
28. Rc7 $16 {1/2-1/2 Rublevsky,S-Vallejo Pons,F/Ohrid 2001/CBM 84 (69)}) (16...
Bc6 17. d5 (17. Qf6 Be7 18. Qf4 Bd6 19. Qf6 Be7 20. Qf4 Bd6 21. Qf6 {1/2-1/2
Hugentobler,P-Kubach,G/ICCF Email 2002/ICCF Telechess CBM 102 (21)}) 17... Bd7
18. Bb2 Be5 19. Bxe5 Qxe5 20. c5 Rad8 21. Rac1 Ba4 22. c6 Rxd5 23. cxb7 $16 {
1-0 Erenburg,S-Meszaros,T/Budapest HUN 2004/(29)}) 17. g3 Re8 (17... Rc8 18.
Bh6 Re8 19. Rfe1 b6 20. Rxe8+ {1/2-1/2 Blanco Gramajo,C-Etchechoury,G/CADAP
2000/ICCF Telechess (20)}) 18. Rb1 Bc5 19. d5 Qe7 20. Bb2 Bh3 21. Bf6 Qd7 $11 {
1/2-1/2 Blanco Gramajo,C-Bulgarini,M/CADAP 2000 (25)}) 16... Rfe8 17. Qf6 Bf8
18. Bxf8 Rxf8 19. d5 Rfe8 20. Rfe1 Qc5 21. c4 b5 22. cxb5 Qxd5 $11 {1/2-1/2
Van der Wiel,J-Van der Sterren,P/Gouda 1997/EXT 99 (35)}) 15. Bh6 (15. Qf6 Qc6
16. Bg5 Bc7 17. Be4 $1 Qxf6 18. Bxf6 Rab8 (18... Bc6 $1 $14) 19. Rfc1 Bf4 (
19... Bd6 20. Be5 Bxe5 21. dxe5 Be6 22. Rc7 Rfc8 23. Rxb7 Rxb7 24. Bxb7 Rc5 25.
f4 g5 26. fxg5 Rxe5 27. h4 Rb5 28. Bf3 Rb4 29. g3 a5 $14) 20. Rc3 Rfe8 21. Bd5
Bc6 $6 22. Bxc6 Re6 $1 23. Bxb7 Rxf6 24. Rb3 $16 {1-0 Galkin,A-Beletsky,A/
Sochi 2004/CBM 101/[Huzman] (58)}) 15... Rfe8 16. Qf6 Bf8 17. Bxf8 Rxf8 18. Be4
Bc6 (18... Be6 19. Bxb7 Rad8 20. Rfd1 Bxa2 21. Rxa2 Qb3 $14 {1/2-1/2 Borisek,
J-Krivokapic,M/Budva 2003/CBM 96 ext (31)}) 19. Rfc1 {1/2-1/2 Dochev,D-Konopka,
M/Pardubice 2000/EXT 2001 (19)}) (14. Bd2 Bxh2+ 15. Kh1 Bc6 16. Qg5 Rfd8 17.
Qh4 $6 {1/2-1/2 Antonio,R-Handoko,E/Singapore 1995/CBM 50 ext/[Chekhov] (27)} (
17. f4 $5)) (14. h3 Be6 15. Qf3 Qxc3 16. Bh6 (16. Rb1 Qxd4 17. Be4 Qe5 (17...
Be5 18. Bb2 Qc5 19. Ba3 $16 {1-0 Guseinov,K-Smirnov,I/Alushta 2001/EXT 2002 
(37)}) 18. g3 Bxh3 19. Bb2 Qe7 20. Rfe1 Rae8 21. Bc2 Qg5 $17 {0-1 Guseinov,
K-Belikov,V/Alushta 2001/EXT 2002 (37)}) 16... Rfd8 (16... Rfe8 17. Be4 Qxf3
18. Bxf3 Rab8 19. a4 f5 20. d5 Bd7 21. Be3 b6 $11 {0-1 Bokros,A-Lurie,M/Mureck
1998/CBM 65 ext (44)}) 17. Rfd1 (17. Bg5 Qxd4 (17... Re8 18. Bf6 Bf5 19. Bxf5 {
1/2-1/2 Blehm,P-Kuczynski,R/Koszalin 1998/CBM 65 ext (19)}) 18. Bxd8 Rxd8 19.
Qe4 Qf6 $6 20. Bc4 $14 {1-0 Wegener,O-Jordan,R/Schopfenheim 1997/EXT 99 (38)})
17... Bd5 18. Qf6 Bf8 19. Bxf8 Rxf8 20. Rac1 Qa3 21. Rc5 Qxa2 22. h4 Rae8 23.
h5 Re6 24. Qg5 Bb3 25. Rdc1 b6 26. Rc8 Qa5 $15 {0-1 Timman,J-Van der Sterren,P/
Gouda 1997/EXT 99 (43)}) (14. Bh6 $5 Rfe8 (14... Rfd8 15. Qf3 Qxc3 (15... Bxh2+
16. Kh1 Bd6 17. c4 $14) 16. Qf6 Bf8 17. Bxf8 Rxf8 18. Be4 Rad8 (18... Bc6 19.
Rac1 Qb2 20. Rc2 Qb6 21. d5 Rfe8 22. Bf3 $14 {1/2-1/2 Ralls II,R-Borst,J/
Chessfriend.com 2003/Telechess CBM 99 (40)}) 19. Rfc1 Qa5 20. Bxb7 Be6 21. Bf3
Rd7 22. Rd1 Rfd8 23. h4 Qf5 24. Qxf5 {1/2-1/2 Van der Wiel,J-Dorfman,J/Germany
1999/CBM 74 ext (24)}) (14... Bc6 15. Qg5 f6 16. Qh4 g5 17. Qh5 Be8 18. Qe2 $18
{1-0 Behnke,K-Berrou,M/Griesheim 2000/EXT 2001 (35)}) 15. Rac1 (15. h3 Rad8 16.
Rae1 a6 17. Rxe8+ Rxe8 18. c4 b6 19. Rb1 Bh2+ 20. Kh1 Bd6 21. Qf3 $16 {0-1
Cardozo,C-Garcia Garay,J/CADAP 2002/ICCF Telchess CBM 96 (34)}) 15... Bxh2+ 16.
Kh1 Be5 17. f4 Bc6 18. Qc4 b5 19. Qb3 Qd7 20. f5 $15 {0-1 Lepelletier,
B-Marciano,D/France 1996/CBM 54 ext (43)}) (14. h4 Be6 15. Qf3 Qxc3 16. Bh6
Rfe8 (16... Rfd8 17. Bg5 Rd7 (17... Re8 18. Bf6 Bg4 19. Qxg4 Qxd3 $11 {0-1
Sandu,M-Ionescu Brandis,I/Bucharest 2000/EXT 2001 (37)}) 18. Rfd1 Bf8 19. Rac1
Qa5 20. Bf6 a6 21. Be4 Bd5 $11 {1/2-1/2 Nedev,T-Urban,K/Elista 1998/CBM 66 ext
(35)}) 17. Qf6 Bf8 18. Bxf8 Rxf8 19. Be4 (19. Rfd1 Qa5 $1 20. Be4 Qd8 21. Qxd8
Raxd8 22. d5 Bf5 $1 23. Bxf5 gxf5 24. d6 Rd7 $11 {1/2-1/2 Tiviakov,S-Jussupow,
A/Groningen 1994/Inf 62/[Tiviakov,S] (28)}) 19... Rad8 20. Rfd1 Bd5 (20... Bg4
21. f3 b6 22. Rac1 Qa3 23. fxg4 Qe3+ 24. Qf2 Qxe4 $11 {1/2-1/2 Fuhrmann,
A-Endean,A/IECC 2002/Telechess CBM 91 (28)}) 21. Rac1 Qa3 22. h5 Qd6 23. Qxd6
Rxd6 24. Bxd5 Rxd5 25. Rc7 Rxh5 (25... Rfd8 26. Rxb7 Rxd4 27. Rxd4 Rxd4 28.
Rxa7 gxh5 $14 {1/2-1/2 Lepelletier,B-Koch,J/Besancon 1999/CBM 73 (40)}) (25...
Rb8 26. h6 a5 27. Re1 Rxd4 28. Rxb7 Rf8 29. Ra7 Ra4 $14 {1/2-1/2 Capezza,
M-Touzane,O/FIDE.com 2002/EXT 2003 (65)}) 26. d5 (26. Rxb7 Ra5 27. Rd2 Rd8 28.
f3 {1/2-1/2 Alvim,A-Endean,A/IECC 2001/Telechess CBM 87 (28)}) 26... Rd8 27.
Rxb7 Rhxd5 {1/2-1/2 Sutovsky,E-Fridman,D/Medellin 1996/Juniors (27)}) (14. Rb1
Bc6 (14... b6 15. h4 Be6 16. Qf3 Bxa2 17. Bh6 Rfe8 18. Qf6 Bf8 19. Bxf8 Rxf8
20. Rbe1 Rad8 21. Re3 Rd6 22. Qg5 $14 {1/2-1/2 De Vreugt,D-Lalic,B/Zwolle 2001/
CBM 81 ext (38)}) 15. Qg5 Bxh2+ 16. Kh1 Bd6 17. c4 Rfe8 18. Qh4 b6 19. d5 Bd7
20. Bg5 Qc5 21. Bf6 Be5 22. Rbe1 Qd6 $11 {0-1 De Vreugt,D-Nielsen,P/Esbjerg
2000/CBM 78/[Hecht] (98)}) 14... Be6 (14... Bxh2+ 15. Kh1 Bd6 16. c5 Be7 17.
Qf3 Be6 18. d5 Qe5 19. dxe6 Qxa1 20. exf7+ Kh8 21. Qxb7 Bf6 22. Bh6 Qd4 23.
Bxf8 Rxf8 24. Be4 Qc4 25. Kg1 Qxf7 26. c6 Be5 27. Qxf7 {1-0 Nguyen Van
Huy-Abhyudaya,R/Bikaner IND 2004/(27)}) 15. Qf3 Bxc4 16. Bh6 (16. Bxc4 Qxc4 17.
Qf6 Qe6 (17... Qc6) 18. Qxe6 fxe6 19. Rb1 b6 $11 {0-1 Hanley,C-Gwaze,R/Halifax
2003/CBM 97 ext (51)}) 16... Rfe8 (16... Bxd3 $4 17. Qf6) 17. Rfc1 b5 18. g3 (
18. Bxc4 bxc4 19. Qf6 Bf8 20. Bf4 Qb6 21. Qxb6 axb6 22. Rxc4 Rxa2 23. Rcc1 Rxa1
{1/2-1/2 Groszpeter,A-Rabiega,R/Leiner 1996/EXT 98 (23)}) (18. Be4 Rac8 19. Bb7
Rb8 20. Bc6 Bxh2+ 21. Kh1 Re6 22. d5 Rxc6 23. dxc6 Be5 24. Re1 $40 {1-0 Hunt,
A-Hanley,C/Blackpool 2003/CBM 95 ext (32)}) 18... Rad8 19. Rab1 (19. a4 a6 20.
Rab1 $14 {1/2-1/2 Anand,V-Ivanchuk,V/Calvia de Mallorca ESP 2004/ (40)} (20.
axb5 axb5 21. Bxc4 bxc4 22. Ra4 $16)) 19... Bf8 20. Bxc4 $6 (20. Bxf8 Rxf8 21.
Rxb5 Rxd4 (21... Bd5 22. Rxc7 Bxf3 23. Rb4 Rfe8 24. Kf1 $16) 22. Bf1 $1 (22.
Rb3 Bd5 23. Rxc7 Bxf3 24. Rxa7 Rc8 25. Bf1 Be4 $44 {[%cal Yc8c1,Yd4d1]}) 22...
Be2 23. Qe3 $1 (23. Rxc7 $2 Bxf3 24. Rxa7 Rd1 $17) 23... Qxc1 24. Qxc1 Rd1 25.
Qxd1 Bxd1 26. Ra5 Ra8 27. f4 (27. Bg2 Re8 28. f4 Re7 $14) 27... Bf3 28. Kf2 Bh1
$14) (20. Bf4 Qa5 (20... Qc8 21. Rxb5 Bxd3 22. Qxd3 Qa6 23. Qb3 Rxd4 24. Rc7
$36) 21. Bxc4 bxc4 22. Bc7 $1 Qd5 $1 (22... Qxc7 23. Rb7 Qxb7 24. Qxb7 Rxd4 25.
Qxa7 $16) 23. Qxd5 Rxd5 24. Rxc4 Bg7 25. Rbb4 $14) 20... Bxh6 21. Bxb5 $4 {
[%mdl 8192]} (21. Rc3 Rxd4 (21... Bd2 22. Rc2 bxc4 23. Rb7 Qxb7 24. Qxb7 Rxd4
25. Qxa7 Red8 $11 {-see game Leko-Kramnik}) 22. Bxb5 Qb6 23. Bxe8 Qxb1+ 24. Kg2
$16) 21... Bxc1 22. Bxe8 Rxe8 23. Rb7 Qc4 $1 0-1